000 00544nam a2200193Ia 4500
005 20260429112014.0
008 260429s9999||||xx |||||||||||||| ||und||
020 _a9781032472751
041 _aEnglish
082 _a370
_bMOR
100 _aMorris, Marla
245 0 _aEducation at the edge of experience :
_bnavigating the unassimilable /
_cMarla Morris
250 _a1st ed.
260 _aNew Delhi :
_bRoutledge,
_c2024.
300 _a193 p.; hb
650 _a Experiential learning
650 _aEducational philosophy
942 _cTB
999 _c51848
_d51848